La galantería, la belleza, las gracias y hasta la política, consideradas en sus relaciones con el amor / (Record no. 42525)

MARC details
000 -LEADER
campo de control de longitud fija 01484nam a2200289 i 4500
001 - NÚMERO DE CONTROL
campo de control 42525
003 - IDENTIFICADOR DE NÚMERO DE CONTROL
campo de control ES-MaACL
005 - FECHA Y HORA DE LA ÚLTIMA TRANSACCIÓN
campo de control 20251215163036.0
007 - CAMPO FIJO DE DESCRIPCIÓN FÍSICA--INFORMACIÓN GENERAL
campo de control de longitud fija t|
008 - DATOS DE LONGITUD FIJA--INFORMACIÓN GENERAL
campo de control de longitud fija 030404s1849 sp ||||1| spa d
100 1# - ENTRADA PRINCIPAL--NOMBRE DE PERSONA
Nombre de persona Costanzo, Salvador.
9 (RLIN) 41130
245 13 - MENCIÓN DEL TÍTULO
Título La galantería, la belleza, las gracias y hasta la política, consideradas en sus relaciones con el amor /
Mención de responsabilidad, etc. opúsculo escrito por Don Salvador Constanzo, seguido de una prosa poética del mismo autor titulada Abrazos y besos.
246 3# - FORMA VARIANTE DEL TITULO
Título propio/Titulo breve Abrazos y besos
260 ## - PUBLICACIÓN, DISTRIBUCIÓN, ETC.
Lugar de publicación, distribución, etc. Madrid :
Nombre del editor, distribuidor, etc. [s.n.],
Fecha de publicación, distribución, etc. 1849 (
Fabricante Imp. de Francisco García Arias)
300 ## - DESCRIPCIÓN FÍSICA
Extensión 124 p. ;
Dimensiones 15 cm.
505 8# - NOTA DE CONTENIDO CON FORMATO
Nota de contenido con formato Contiene además con portada propia: Venus pronuba / epitalamio del caballero Juan Bautista Marino ; traducido del italiano al español por Joaquín José Cervino . El amor fugitivo / de Torcuato Tasso ; silva traducida por Gaspar Serrano
530 ## - NOTA DISPONIBLE DE FORMULARIO FÍSICO ADICIONAL
Nota de formato físico adicional disponible Disponible en formato digital.
700 1# - ENTRADA AGREGADA--NOMBRE PERSONAL
Nombre de persona Marino, Giambattista,
Fechas asociadas al nombre 1569-1625
9 (RLIN) 129502
700 1# - ENTRADA AGREGADA--NOMBRE PERSONAL
Nombre de persona Cervino y Ferrero, Joaquín José,
Fechas asociadas al nombre 1817-1883
9 (RLIN) 173899
700 1# - ENTRADA AGREGADA--NOMBRE PERSONAL
Nombre de persona Tasso, Torquato (
Fechas asociadas al nombre 1544-1595)
9 (RLIN) 109373
700 1# - ENTRADA AGREGADA--NOMBRE PERSONAL
Nombre de persona Serrano, Gaspar.
9 (RLIN) 105695
740 02 - ENTRADA AGREGADA--TÍTULO RELACIONADO/ANALÍTICO NO CONTROLADO
Título relacionado o analítico no controlado Venus pronuba.
740 32 - ENTRADA AGREGADA--TÍTULO RELACIONADO/ANALÍTICO NO CONTROLADO
Título relacionado o analítico no controlado El amor fugitivo.
852 4# - LOCALIZACIÓN
Ubicación ES-MaACL
Número de control de estantería T-3-F-1
Nota libre - Donativo del autor
-- - Enc. en un vol. facticio, falto de cub. original
856 4# - LOCALIZACIÓN Y ACCESO ELECTRÓNICOS
Identificador Uniforme de Recursos <a href="https://bibliotecadigital.carm.es/registro/00000722 ">https://bibliotecadigital.carm.es/registro/00000722 </a>
Nota pública Biblioteca Digital de la Región de Murcia
Holdings
Estatus retirado Estado de pérdida Estado de daño No para préstamo Colección Biblioteca de origen Biblioteca actual Ubicación en estantería Fecha de adquisición Fuente de adquisición Total de préstamos Signatura topográfica completa Código de barras Visto por última vez Precio de reemplazo Tipo de ítem Koha
        Colección de folletos Biblioteca del Ateneo de Madrid Biblioteca del Ateneo de Madrid Depósito folletos 17/01/2008     T-3-F-1 1044767 23/02/2023 23/02/2023 Folleto